000 01016 a2200205 4500
020 _a1857285794
020 _a9781857285796
082 _a530
090 _c1772
_d1772
100 1 _aCooke, Colin.
245 1 3 _aAn introduction to experimental physics /
_cColin Cooke.
250 _a1st ed.
260 _a[S.l.] :
_bUCL Press,
_c1996.
300 _a136 p. ;
_c24 cm.
520 _aUnderstanding, designing and conducting experiments is at the heart of science. This text introduces the fundamental principles on which physicists should build a thorough experimental approach to their discipline.
942 _aSNS
_cBK
_k530 COO
999 _c30379
_d30379